01411cam a2200313 a 4500001001400000003000800014005001700022006001900039007001500058008004100073020003800114040003000152050002400182082001700206245012600223260002800349300004500377504005100422520031700473521001700790588004700807650004300854650001900897655002900916700001600945710001600961776003500977856008501012EDZ0000072048StDuBDS20161031105131.0m||||||||d||||||||cr |||||||||||120412s2006 enka fo| 001|0|eng d a9781446211595 (ebook) :cNo price aStDuBDSbengcStDuBDSepn 0aRC489.F35bG85 200604a616.891422300aGuided imageryh[electronic resource] :bcreative interventions in counselling & psychotherapy /cEric Hall ... [et al.]. aLondon :bSAGE,cc2006. a1 online resource ([ix], 137 p.) :bill. aIncludes bibliographical references and index.8 aA practical guide to using imagery in one-to-one therapeutic work with clients, this book shows how the techniques involved can be integrated into everyday practice. It describes the different processes of using guided imagery and working from a script, and shows how drawing can be used to augment imagery work. aSpecialized. aDescription based on print version record. 0aImagery (Psychology)xTherapeutic use. 0aPsychotherapy. 7aElectronic books.2local1 aHall, Eric.2 aSage eBooks08iPrint version :z978141290149940uhttp://ezproxy.alfaisal.edu/login?url=http://sk.sagepub.com/books/guided-imagery